000 00951nam a2200205 u 4500
001 000813748
003 AM-YeHGA
005 20250617144448.0
008 110601s1972 ru r 000 0 rus d
040 _aAM-YeHGA
041 0 _arus
245 0 0 _aАвтоматизация процессов добычи и транспорта газа /
_cМ-во приборостроения, средств автоматизации и систем управления СССР. Ин-т автоматики; Под ред. С.К. Иванова и В.П. Марчевского.
260 _aКиев :
_bНаук. думка,
_c1972.
300 _a90 с.
653 0 _aГазовая промышленность - Добыча и транспортировка газа
700 1 _aИванов, С.К.
_eред.
_4edt
700 1 _aМарчевский, В.П.
_eред.
_4edt
710 2 _aИнстиут автоматики
090 _c296345
999 _c294656
_d294656